| 000 | 00438nam a2200157 i 4500 | ||
|---|---|---|---|
| 001 | 42242 | ||
| 003 | ES-MaACL | ||
| 005 | 20230906160555.0 | ||
| 007 | t| | ||
| 008 | 030313s1970 sp ||||1| spa d | ||
| 100 | 1 |
_aCecchini, Tina. _937315 |
|
| 245 | 1 | 0 |
_aJuego de sociedad / _cTina Cecchini. |
| 260 |
_aBarcelona : _bDe Vecchio, _c[1970] ( _fPub. reunidas) |
||
| 300 |
_a316 p. : _bil. ; _c21 cm. |
||
| 852 |
_aES-MaACL _jC-47539 _bR.75435 |
||
| 999 |
_c42242 _d42242 |
||